000 00400nam a22001697a 4500
005 20160701160421.0
008 160701b xxu||||| |||| 00| 0 eng d
020 _a978-93-80027-54-8
041 _aeng
082 _b16310
100 _aSharma K K
_93210
245 _aTelevision & Radar Engineering
260 _bKatson
_c2012
300 _a574
650 _aDiploma Engineering
_9817
942 _cBK
999 _c5122
_d5120